• 首页
  • 本馆介绍
  • 公告通知
  • 最新文献
  • 馆藏检索
  • 电子资源
  • 读者导购
  • 参考咨询
  • 我的图书馆
  • 登录
  • 详细信息显示
  • 放入我的书架
  • 预约/预借图书
  • 作者相关作品
  • 分类相关作品
  • 丛书相关作品
  • 出版社相关作品

书目信息

  • 表格格式
  • 工作单格式
  • 卡片格式
题名:
艰苦的历程
    
 
作者:
分册: 下  
出版信息: 北京   人民出版社  1984
页数: 428页
开本: 20cm
丛书名:
单 册:
中图分类: E297.2
科图分类:
主题词: 红四方面军-军事史--中国 , 军事史-红四方面军--中国
电子资源:
ISBN:
000 00803nam0 2200253 45
001 0184001366
005 20040422110006.5
010    @dCNY2.30
091    @a11001.742
100    @a19951011d1984 em y0chiy0121 ea
101 0  @achi
102    @aCN@b110000
105    @ay z 000yy
106    @ar
200 10 @a艰苦的历程@Ajian ku de li cheng@e中国工农红军第四方面军革命回忆录选辑@h下@Ajian ku de li cheng
210    @a北京@c人民出版社@d1984
215    @a428页@d20cm
517 1  @a中国工农红军第四方面军革命回忆录选辑@Azhong guo gong nong hong jun di si fang mian jun ge ming huiyi lu xuan ji
606    @a红四方面军-军事史@y中国
606    @a军事史-红四方面军@y中国
690    @aE297.2@v3
801  0 @aCN@b深圳图书馆@c20040422
801  2 @aCN@bNLC@c20040422
905    @f1@b126669@dE297.2@e14:2
    
    艰苦的历程:中国工农红军第四方面军革命回忆录选辑.下.-北京:人民出版社,1984
    428页;20cm
    
    
    ISBN :CNY2.30
    
●
相关链接 在E读中查询图书 在五车中查询图书 在当当中查询图书 在豆瓣中查询图书


正题名:艰苦的历程     索取号:E297.2/14:2         预约/预借

序号 登录号 条形码 馆藏地/架位号 状态 备注
1 0126669   001260815   第一借阅区/ [索取号:E297.2/14:2] 在馆    
2 0126670   001260842   第一样本阅览室/ [索取号:E297.2/14:2] 在馆    
唐山师范学院图书馆 欢迎您!
大连网信软件有限公司© 版权所有